La destrucción, o, El amor (Record no. 5985)

MARC details
000 -LEADER
campo de control de longitud fija 00671nmc a2200265 a 4500
003 - IDENTIFICADOR DE NÚMERO DE CONTROL
campo de control AR-BaBNM
005 - FECHA Y HORA DE LA ÚLTIMA TRANSACCIÓN
campo de control 20251128204044.0
008 - DATOS DE LONGITUD FIJA--INFORMACIÓN GENERAL
campo de control de longitud fija 046119s1977 ||||||||||||||000 | spa||
040 ## - FUENTE DE CATALOGACIÓN
Centro/agencia transcriptor AR-BaBNM
100 1# - ENTRADA PRINCIPAL--NOMBRE DE PERSONA
Nombre de persona Aleixandre, Vicente
245 10 - MENCIÓN DEL TÍTULO
Título La destrucción, o, El amor
246 1# - FORMA VARIANTE DEL TITULO
Título propio/Titulo breve El amor
250 ## - MENCION DE EDICION
Mención de edición 4ª ed.
260 ## - PUBLICACIÓN, DISTRIBUCIÓN, ETC.
Lugar de publicación, distribución, etc. Buenos Aires
Nombre del editor, distribuidor, etc. Losada
Fecha de publicación, distribución, etc. 1977
300 0# - DESCRIPCIÓN FÍSICA
Extensión 138 p.
490 #0 - MENCIÓN DE SERIE
Mención de serie Biblioteca clásica y contemporánea
Designación de volumen o secuencia v. 260
500 0# - NOTA GENERAL
Nota general Contiene índice en p. 137
650 #4 - PUNTO DE ACCESO ADICIONAL DE MATERIA--TÉRMINO DE MATERIA
Término de materia o nombre geográfico como elemento de entrada LITERATURA ESPANOLA
650 #4 - PUNTO DE ACCESO ADICIONAL DE MATERIA--TÉRMINO DE MATERIA
Término de materia o nombre geográfico como elemento de entrada POESIA
653 #0 - TÉRMINO DE INDIZACIÓN--NO CONTROLADO
Término no controlado VANGUARDIAS LITERARIAS
653 #0 - TÉRMINO DE INDIZACIÓN--NO CONTROLADO
Término no controlado ULTRAISMO
655 ## - TERMINO DE INDIZACIÓN--GENERO/FORMA
Datos o término principal de género/forma LITERATURA
942 ## - ELEMENTOS DE ENTRADA SECUNDARIOS (KOHA)
Tipo de ítem Koha Libros
998 ## - INFORMACIÓN DE CONTROL LOCAL (RLIN)
Iniciales del catalogador, CIN (RLIN) isola
Holdings
Estatus retirado Estado de pérdida Fuente de la clasificación o esquema de estantería Estado de daño No para préstamo Biblioteca de origen Biblioteca actual Fecha de adquisición Total de préstamos Signatura topográfica completa Código de barras Visto por última vez Precio de reemplazo Tipo de ítem Koha
    Clasificación Decimal Dewey     Liberty Liberty 28/11/2025   860-1 ALEI 091535 28/11/2025 28/11/2025 Libros
    Clasificación Decimal Dewey     Liberty Liberty 28/11/2025   860-1 ALEI 091536 28/11/2025 28/11/2025 Libros